LEADER 00995nam a2200229 i 4500 001 000000046362 003 CaOOAMICUS 005 20250430112546.0 008 090921s1956 xx u000 u fre u 013 $a17532 040 $aSeMil$bita 100 1 $aAndrieu, Michel.$0(OLS)http://semarc/name/9179 245 10$a4: Les textes :$bordines 35.-49 /$cMichel Andrieu. 300 $aXI, 543 p. 490 0 $aSpicilegium Sacrum Lovaniense : études et documents ;$vFascicule28. 650 4$aTeologia - Medioevo.$0(OLS)http://semarc/subject/4293 773 0 $aAndrieu, Michel$tOrdines romani du haut moyen age.$dLouvain : Spicilegium Sacrum Lovaniense, 1931-1961.$kSpicilegium Sacrum Lovaniense$g4$w()20513 830 0$aSpicilegium Sacrum Lovaniense ;$v28.$0(OLS)http://semarc/title/359 850 $aSeMil 852 $aSeMil$W1$xVenegono$y1$m2IA B 28$j256358$B12517$CSeMilBibl$Z2$F12517 $81 996 $6245$a4: Les textes :$bordines 35.-49$9(OLS)http://semarc/title/69290 LEADER 01462nam a2200301 i 4500 001 000000060368 003 CaOOAMICUS 005 20140430000000.0 008 140430s1974 xx u000 u ger u 013 $a31540 020 $a3-579-03889-3 040 $aSeMil$bita 100 1 $aMarsch, Wolf Dieter.$0(OLS)http://semarc/name/30714 245 14$aDie Folgen der Freiheit :$bchristliche Ethik in der technischen Welt /$cWolf-Dieter Marsch ; hrsg. von Michael Schibilsky und Hartmut Przybylski. 260 $aGütersloh :$bGütersloher Verlagshaus Gerd Mohn,$c1974. 300 $a128 p. ;$c19 cm. 490 0 $aGütersloher Taschenbücher ;$v89 650 4$aTeologia morale.$0(OLS)http://semarc/subject/91 650 4$aEtica cristiana.$0(OLS)http://semarc/subject/620 650 4$aTecnica e etica.$0(OLS)http://semarc/subject/12058 700 1 $aPrzybylski, Hartmut.$0(OLS)http://semarc/name/30716 700 1 $aSchibilsky, Michael <1946-2005>.$0(OLS)http://semarc/name/30715 830 0$aGütersloher Taschenbücher ;$v89.$0(OLS)http://semarc/title/15725 850 $aSeMil 852 $aSeMil$W1$xVenegono$y1$m2K II 338$j26521$B26521$CSeMilBibl$Z2$F26524 $81 996 $6020$a3-579-03889-3$9(OLS)http://semarc/number/36426 996 $6245$aDie Folgen der Freiheit :$bchristliche Ethik in der technischen Welt$9(OLS)http://semarc/title/94606 996 $6260$aGütersloh :$bGütersloher Verlagshaus Gerd Mohn$9(OLS)http://semarc/publisher/30042